01762nam a2200349 450000500170000000800410001702000180005804000270007604100080010304400070011108200210011810000280013924501030016726000710027030000690034150001530041050400420056365000240060565000260062965000230065565000220067866200540070070000330075470000270078770000320081470000280084694200150087499900170088995201870090695201750109395201440126820200104041746.0160601s2015 ck a||||r|||| 00| 0 spa d a9789589365823 aCO-BoIAVH cCO-BoIAVH 0 aspa ack04a577.38071bP98a81 aBaquero, Gabrieleautor11a¡Ave María purísima, eso fue que bajó el encanto del Caquinal!cGabriel Baquero [y otros 4] aBogotá : bTropenbos Internacional Colombia : bUICN Sur,c2015. a34 páginas : bilustraciones (algunas a color) ; c16 x 22 cm. aProyecto comunidades de los páramos, fortaleciendo las capacidades y la coordinación para la adaptación a los efectos del cambio climático.  aIncluye referencias bibliográficas.16aComunidades rurales26aEducación ambiental26aSociología rural26aEcología humana aColombiabPáramo de Chingazacquebrada Caquinal1 aCuellar, Carlos Arieleautor1 aCuellar, Isidroeautor1 aRodríguez, Antonioeautor1 aCuellar, Alfredoeautor 2ddccLIBRO c18755d18755 00102ddc40708GENERALIINV2017aBogotabBogotad2016-06-01eInstitutog39000.00l1oLB-577.38071 P98a8p040399r2019-09-16 00:00:00s2019-09-16tEj. 1w2016-06-01xDonacionyLIBRO 00102ddc40708GENERALIINV2017aVenadobVenadod2016-06-01eInstitutog39000.00l0oLB-577.38071 P98a8p040400r2016-06-01 00:00:00tEj. 2w2016-06-01xDonacionyLIBRO 00102ddc40708GENERALaBogotabBogotad2019-11-13l0oLB-577.38071 P98a8p043791r2019-11-13 00:00:00tEj.3w2019-11-13xDonacionyLIBRO